Oasis Trivia - Statistics

General Stats
  • This quiz has been taken 493 times
  • The average score is 16 of 30
Answer Stats
Hint Answer % Correct
Track 9 on Definitely Maybe: ______ Dinner Digsy's
91%
Who compared taking drugs to having a cup of tea? Noel
86%
Name of song on Definitely Maybe and also a 2016 documentary about the band Supersonic
83%
Finish the lyric: "You gotaa Roll With It, you gotta ____ ____ ____" take your time
79%
Which intrsument did Liam play in Oasis? Tambourine
79%
Oasis' name before Oasis The Rain
76%
Name of the band formed by the remaining Oasis members after Noel left. Ran 2009-2014. Beady Eye
70%
"Bonehead's" real name Paul Arthurs
66%
The name of Oasis' last album (Discluding "Time Flies... 1994-2009") Dig Out Your Soul
65%
Liam and Noel's mother's first name Peggy
64%
Name of the compilation album of Oasis' incredible B-sides (also the title of one of said B-sides) The Masterplan
64%
The band Noel was a roadie for before he joined Oasis Inspiral Carpets
63%
Noel's daughter Anais Gallagher
58%
City of the gig Oasis had to cancel the night Noel decided to leave Paris
56%
Title of Liam's first solo album As You Were
55%
Infamous drummer who was kicked from the band for not being able to keep up Tony McCarroll
55%
First single from that album Wall of Glass
51%
Oasis' first record label Creation
50%
Guitarist who joined Oasis in 1999 and joined Noel's HFB in 2017 Gem Archer
50%
Finish the lyric: "and I get so high I ____ ____ ____ __" just can't feel it
45%
Liam's first wife Patsy Kensit
44%
Fruit Liam infamously threw at Noel the night Oasis' ended Plum
42%
Small town in Manchester where Noel and Liam were raised Burnage
36%
Title of Noel's second solo album Chasing Yesterday
32%
Last ever single Oasis released before breaking up Falling Down
30%
Name of famous argument between Noel and Liam which was recorded and released Wibbling Rivalry
26%
Co-Producer of "(What's the Story) Morning Glory?" along with Noel Owen Morris
22%
Single released in 2007 as a download only and not available on any of Oasis' full albums Lord Don't Slow Me Down
20%
First single from that album In the Heat of the Moment
19%
Finish the lyric: "I said I'm tired, come ___ __ ___ ___ merry-go-round" get me off the
15%
No matching quizzes found
Score Distribution
Percent of People with Each Score
Percentile by Number Answered
Your Score History
You have not taken this quiz